000 00703nam a2200289Ia 4500
005 20260324113700.0
008 008 260324s9999 xx 000 0 eng d
020 _a9781003180159
037 _aEBOOK
040 _aCRL
040 _beng
040 _cCRL
041 _2eng
041 _aeng
084 _qCRL
100 _aDavid Wilkinson; Dennis Dokter
_91147748
245 4 _aThe Researcher's Toolkit
245 4 _bThe Complete Guide to Practitioner Research
260 _bTaylor and Francis
260 _c2023
365 _a
365 _b220
856 _uhttp://www.taylorfrancis.com/books/9781003180159
942 _cEBOOK
999 _c1737529
_d1737529